000 01708 a2200205 4500
001 121464
020 _a9788577431250
040 _cEscola Canadense de Niteroi
090 _aLUE - C1
100 _aLuedemann, Cecília da Silveira
245 1 0 _aCarrapicho
250 _a1. ed.
260 _aSão Paulo
300 _a63 p.
_bil.
_c7 x 24 cm (brochura)
362 0 _a2009
520 _aVim de longe pra segredar outros entendimentos na leitura desta lindura da Carrapicho. Não quero contar para todo mundo esses segredos guardados por muito tempo. Sobre mudanças acontecidas no mundo, só por conta das crianças. Só conto para crianças! Adultos, por favor, pulem as próximas páginas. A leitura e a prosa agora é com quem brinca, ri, sapeca, moleca, se lambuza e pede bis. É só bater os olhos nas primeiras linhas prá sentir um comichão: mudar pra vila Ventania e viver na inventação, com gostosuras e como amigos - irmãos... Aviso pro leitor: nem pense que só vai ler devagarando, páginas sobre o bem bom... Logo, fenômenos sem explicação, sumiços e medos, dissequemedisses do mais fundo do oceano profundo galopam pelas páginas e, quando os vendavais comedores de gente dão notícia, não tem como... foi fisgado pela história. Fissurou total. E você, grudado na história e deliciado, que quase toda a escrivinhação soava como música, espantou ouvindo sua voz sair leve e solta, lendo e cantarolando junto... os pés impacientes, marcaram o ritmo das acontecências dadas pelas palavras... aí, você parou e pensou. Não tem como fazer acontecer nada mais emocionante... Ah, tem...!
650 4 _aLiteratura Infantil
650 4 _aLiteratura Brasileira
942 _cBK
999 _c121464
_d121464